=LDR 00000nam 2200000 4500 =001 INLIS000000000034305 =005 20250507090924 =035 ##$$a 0010-061300000034305 =008 250507###########################0#ind## =041 ##$$a ind =082 ##$$a F Rom K =090 ##$$a F Rom K, Ger g =245 ##$$a Gerinda /$c Tim Nuansa ; penerjemah, Tri Wagiati =260 ##$$a Bandung :$b Nuansa Cendekia,$c 2008 =300 ##$$a 47 hlm. : $b ilus. ; $c 21 cm =650 #4$$a Fikasi Kanak - kanak =700 #$$a Tim Nuansa =850 ##$$a NBPNMAT =020 ##$$a 978-602-8023-50-4 =084 ##$$a F Rom K GER =250 ##$$a Cet. 1 =990 ##$$a 10941094 =990 ##$$a 21010214